Office environments and productivity in the Middle East (Record no. 116008)

MARC details
000 -LEADER
fixed length control field 01704cad a22003375a 4500
001 - CONTROL NUMBER
control field L159568
008 - FIXED-LENGTH DATA ELEMENTS--GENERAL INFORMATION
fixed length control field 100415u20160410xxk g 000 0 eng d
035 ## - SYSTEM CONTROL NUMBER
System control number (Sirsi) u159568
041 0# - LANGUAGE CODE
Language code of text/sound track or separate title eng
050 04 - LIBRARY OF CONGRESS CALL NUMBER
Classification number 658.2 $2 18
110 ## - MAIN ENTRY--CORPORATE NAME
Corporate name or jurisdiction name as entry element Royal Institution of Chartered Surveyors
9 (RLIN) 4900
245 00 - TITLE STATEMENT
Title Office environments and productivity in the Middle East
Remainder of title challenging preconceptions and understanding why one size does not fit all
Medium [electronic resource]
260 ## - PUBLICATION, DISTRIBUTION, ETC.
Place of publication, distribution, etc. London
Name of publisher, distributor, etc. RICS
Date of publication, distribution, etc. 2016
490 #0 - SERIES STATEMENT
Series statement RICS Insight
490 #0 - SERIES STATEMENT
Series statement RICS Research
520 ## - SUMMARY, ETC.
Summary, etc. Looks at the survey of office workers in the Middle East region to understand their working habits, motivations, likes, dislikes, access to light, working environment etc. The data will be used to model a statistical analysis of how people occupy the workspace, how they feel most content and what may affect their productivity. Crucially, conclusions will be drawn as to how the physical design of a commercial office may respond to these needs and create a more productive workspace. The survey covers the combined data base of MECO, RICS and other connections, together with targeted specific occupiers.
590 ## - LOCAL NOTE (RLIN)
Local note KA NTK
650 24 - SUBJECT ADDED ENTRY--TOPICAL TERM
Topical term or geographic name entry element PRODUCTIVITY
650 24 - SUBJECT ADDED ENTRY--TOPICAL TERM
Topical term or geographic name entry element WORK ENVIRONMENT
650 24 - SUBJECT ADDED ENTRY--TOPICAL TERM
Topical term or geographic name entry element WORKSPACE
650 24 - SUBJECT ADDED ENTRY--TOPICAL TERM
Topical term or geographic name entry element CORPORATE OCCUPIERS
651 #4 - SUBJECT ADDED ENTRY--GEOGRAPHIC NAME
Geographic name Middle East
690 ## - LOCAL SUBJECT ADDED ENTRY--TOPICAL TERM (OCLC, RLIN)
Topical term or geographic name as entry element Facilities management
9 (RLIN) 6240
700 1# - ADDED ENTRY--PERSONAL NAME
Personal name Nunnington, Nick
700 1# - ADDED ENTRY--PERSONAL NAME
Personal name Haynes, Barry P.
700 1# - ADDED ENTRY--PERSONAL NAME
Personal name Chong, Joanne
700 1# - ADDED ENTRY--PERSONAL NAME
Personal name Jacobs, Brent
710 1# - ADDED ENTRY--CORPORATE NAME
Corporate name or jurisdiction name as entry element Middle East Council for Offices (MECO)
856 40 - ELECTRONIC LOCATION AND ACCESS
Uniform Resource Identifier <a href="https://www.rics.org/Global/RICS_MECO_Offices_Insights.pdf">https://www.rics.org/Global/RICS_MECO_Offices_Insights.pdf</a>
Public note View the research free of charge at www.rics.org
942 ## - ADDED ENTRY ELEMENTS (KOHA)
Suppress in OPAC 0
Holdings
Withdrawn status Lost status Damaged status Not for loan Home library Current library Shelving location Date acquired Total Checkouts Full call number Date last seen Copy number Price effective from Koha item type Public note
        Virtual Virtual Online 12/09/2017   SCAN 02/02/2024 1 06/08/2019 Online material Please contact [email protected] to request a digital copy